000 00492nam a2200193Ia 4500
003 GCL
008 140319s9999 xx 000 0 eng d
040 _aGCL /
_cGCL
082 0 4 _a770.95
_bR Q
100 1 _aDANIEL, JEAN
245 1 0 _aQUARANTE ANS DE PHOTOGRAPHIE EN CHINE /
_cDANIEL, JEAN
700 1 _aRIBOUD, MARC
260 _a[S.N] :
_bNATHAN ،
_c1996
300 _a175 P
650 0 4 _aPHOTOGRAPHY
650 0 4 _aPHOTOGRAPHERS
650 0 4 _aCHINA - PHOTOGRAPHY
942 _2ddc
_cBK
999 _c16395
_d16395